01662cam a2200337 a 4500999001700000001000900017003000900026005001700035008004100052020002800093020001800121040003800139043001200177082002100189100005000210245007300260264004100333264001000374300002400384336002600408337002800434338002700462490004700489504005100536505045900587650007101046653002501117655002401142942001201166952014601178 c16911d1691113973593EG-ScBUE20201031131203.0050518t2005 ctu f b 001 0 eng d a0313332231 (alk. paper) a9780313332234 aDLCbengerdacDLCdDLCdEG-ScBUE an-us---04a812.509bABB2221 aAbbotson, Susan C. W.,d1961-eauthor.93075610aMasterpieces of 20th-century American drama /cSusan C. W. Abbotson. 1aWestport :bGreenwood Press,c[2005] 4cc2005 a227 pages ;c24 cm. 2rdacontentatextbtxt 2rdamediaaunmediatedbn 2rdacarrieravolumebnc0 aGreenwood introduces literary masterpieces aIncludes bibliographical references and index.0 aThornton Wilder, Our town (1938) -- Tennessee Williams, A streetcar named Desire (1947) -- Arthur Miller, Death of a salesman (1949) -- Arthur Miller, The crucible (1953) -- Eugene O'Neill, Long day's journey into night (1956) -- Lorraine Hansberry, A raisin in the sun (1959) -- Edward Albee, Who's afraid of Virginia Woolf? (1962) -- Sam Shepard, Buried child (1978) -- David Mamet, Glengarry Glen Ross (1984) -- August Wilson, The piano lesson (1987). 7aAmerican dramay20th centuryxHistory and criticism.2BUEsh930758 bHHUUEENNcAugust2018 vReading book934232 2ddccBB 00102ddc40708BaccahaMAINbMAINc2NDd2012-07-24ePurchaseg393.00h15359l1o812.509 ABBp000027030r2025-07-15 00:00:00s2024-04-08yBB